000 00382nam a22001577a 4500
003 MPLRDC
005 20220104193630.0
008 210129b ||||| |||| 00| 0 eng d
082 _aDISC
100 _aDAVE STEVENSON. EDITOR
245 _aDIGITAL PHOTOGRAPHY--1 DISC
_c
250 _a1ST ED.
260 _aENGLAND
_bMAGBOOK
_c
650 _aDIGITAL CAMERA
942 _cCDA
_oDISC
999 _c65292
_d65282